000 01592cam a22003134a 4500
999 _c332080
_d332080
001 13565439
003 NUST
005 20171109101813.0
008 040421s2004 coua b 000 0 eng
010 _a 2004046350
020 _a1583213171
040 _aDLC
_cDLC
_dDLC
042 _apcc
050 0 0 _aTD460
_b.B75 2004
082 0 0 _a628.162 AWW
_222
245 0 0 _aBridging pilot-scale testing to full-scale design of UV disinfection systems /
_cprepared by Erin D. Mackey ... [et al.] ; jointly sponsored by AWWA Research Foundation, U.S. Environmental Protection Agency, and Water Environment Research Foundation.
260 _aDenver, CO :
_bAWWA Research Foundation and American Water Works Association,
_cc2004.
300 _axxix, 198 p. :
_bill. ;
_c28 cm.
500 _aP.B
504 _aIncludes bibliographical references (p. 195-196).
650 0 _aWater
_xPurification
_xUltraviolet treatment.
_96244
650 0 _aWater
_xPurification
_xDisinfection.
_96245
700 1 _aMackey, Erin D.
_96246
710 2 _aAWWA Research Foundation.
_95975
710 1 _aUnited States.
_bEnvironmental Protection Agency.
_96247
710 2 _aWater Environment Research Foundation.
_96248
856 4 2 _3Publisher description
_uhttp://www.loc.gov/catdir/enhancements/fy1305/2004046350-d.html
906 _a7
_bcbc
_corignew
_d1
_eocip
_f20
_gy-gencatlg
942 _2ddc
_cBK
_kIESE